| 000 | 00570nas a2200217 4500 | ||
|---|---|---|---|
| 001 | BR9700018 | ||
| 003 | BR-BrBNA | ||
| 005 | 20231205100024.0 | ||
| 007 | ta | ||
| 008 | 230509b bl.|||p| |||| 00| 00por d | ||
| 040 |
_aBR-BrBNA _bpor _cBiblioteca Nacional de Agricultura |
||
| 041 | _a(Pt) | ||
| 072 | _aF01 | ||
| 100 | 1 | _aRoriz, A. | |
| 245 | 1 | _aRosas | |
| 650 | _aRosa | ||
| 650 | _aPratica Cultural | ||
| 773 | 0 |
_tSitios e Jardins (Brazil) _x _g(1991), (Special number 4) p. 9-87 _wBR9700018 |
|
| 909 |
_a202311 _bLúcia _c55 _dLúcia Elande |
||
| 942 |
_2AGRIS _n0 _cANA |
||
| 999 |
_c153962 _d153962 |
||